000 00521nam a22001817a 4500
005 20251108170915.0
008 250721s9999 xx 000 0 ara d
082 1 4 _aط/551.483/إبر
100 1 _aغوري، إبراهيم حلمي
245 1 0 _aالأنهار و الينابيع /
264 1 _aحلب :
_bدار الشرق العربي،
300 _a409ص
650 1 7 _aالأنهار
650 1 7 _aالينابيع
653 _aناشؤون كبار (15-18) سنة
942 _2ddc
_cBK
999 _c51820
_d51820